Normal view
MARC view
- Shaheryar Ali Khan
Entry Personal Name
001 - CONTROL NUMBER
- control field: 20828
003 - CONTROL NUMBER IDENTIFIER
- control field: NUST
005 - DATE AND TIME OF LATEST TRANSACTION
- control field: 20190917152245.0
008 - FIXED-LENGTH DATA ELEMENTS
- fixed length control field: 190917|| aca||aabn | a|a d
040 ## - CATALOGING SOURCE
- Original cataloging agency: NUST
- Transcribing agency: NUST
100 ## - HEADING--PERSONAL NAME
- Personal name: Shaheryar Ali Khan
670 ## - SOURCE DATA FOUND
- Source citation: Work cat.: (NUST): Shaheryar Ali Khan, Evaluation of Financial burden vs financial viability of road projects on BOT basis. (MS Thesis - CE &M.), 2019
